Nanometrology, evaluation techniques and quality control for high accurancy surface measurement

Presná povrchová úprava vo výrobnom procese a využitie nových technológií. Vysoká presnosť. Meranie, hodnotenie a kontrola kvality povrchovej úpravy. Hlavné parametre determinujúce vhodnosť technickej časti. Využívanie vhodných materiálov.

Saved in:
Bibliographic Details
Main Author: Durakbasa, Numan M.
Other Authors: Demircioglu, Pinar, Cakmakci, Mehmet, Horníková, Adriana
Format: Book Chapter
Language:English
Subjects:
Tags: Add Tag
No Tags, Be the first to tag this record!

MARC

LEADER 00000naa$a2200000$$$4500
001 0116116
005 20240502083304.8
041 0 |a eng 
044 |a TR 
245 1 0 |a Nanometrology, evaluation techniques and quality control for high accurancy surface measurement  |c Numan M. Durakbasa, Pinar Demircioglu, Mehmet Cakmakci, Adriana Horníková 
520 |a Presná povrchová úprava vo výrobnom procese a využitie nových technológií. Vysoká presnosť. Meranie, hodnotenie a kontrola kvality povrchovej úpravy. Hlavné parametre determinujúce vhodnosť technickej časti. Využívanie vhodných materiálov. 
610 2 0 |a proces výrobný 
610 2 0 |a kvalita 
610 2 0 |a kvalita tovaru 
610 2 0 |a meranie 
610 2 0 |a kontrola kvality 
610 2 0 |a nanotechnológie 
100 1 |a Durakbasa, Numan M. 
700 1 |a Demircioglu, Pinar 
700 1 |a Cakmakci, Mehmet 
700 1 |a Horníková, Adriana